Quelle est cette ville Française ? - Statistiques

Statistiques générales
  • Ce quiz a été pris 83 fois
  • Le résultat moyen est 16 sur 28
Statistiques - réponses
Par images Réponse % Correct
Paris
99%
Lyon
97%
Nice
96%
Strasbourg
96%
Lille
92%
Marseille
88%
Bordeaux
84%
Toulouse
81%
Nantes
78%
Versailles
77%
Avignon
70%
Montpellier
70%
La Rochelle
69%
Carcassonne
66%
Brest
64%
Perpignan
47%
Tours
47%
Dijon
43%
Metz
38%
Sète
38%
Saint-Tropez
30%
Bayonne
27%
Limoges
24%
Fréjus
18%
Aix-en-Provence
14%
Les Sables d'Olonne
9%
Nouméa
5%
Saint-Denis de la Réunion
0%
Aucun quiz correspondant
Distribution des résultats
% des personnes avec chaque résultat
Percentile par nombre de réponses
Votre historique - résultats
Vous n’avez pas pris ce quiz